000 00189 a2200097 4500
020 _a9780679823513
041 _aeng
100 _aStan E Jan Berenstain
245 _aDont Pollute
942 _cBK
999 _c9528
_d9528